| 000 | 01000nam a22003257a 4500 | ||
|---|---|---|---|
| 003 | CHAP | ||
| 005 | 20220329133414.0 | ||
| 008 | 971013s1987 r 00010 d | ||
| 010 | _a6001 | ||
| 011 | _a6973 | ||
| 035 | _a6196 | ||
| 040 | _cCHAP | ||
| 082 |
_a632.95 _bC62 |
||
| 100 | 0 | 0 |
_aCottrell, Helen J. _928596 |
| 245 | _aPesticides on plant surfaces | ||
| 260 |
_aChichester : _bWiley, _c1987 |
||
| 300 |
_a86 p. _b: ilus. |
||
| 490 |
_aCritical reports on applied chemistry _v; 18 |
||
| 500 | _a60-143 | ||
| 590 |
_aBATCH-UPD _b10 _c20130110 _lUCH01 _h0908 |
||
| 590 |
_aCONVERSION _b10 _c20130109 _lUCH01 _h1304 |
||
| 650 | 1 | 4 |
_aHerbicidas. _953691 |
| 650 | 1 | 4 |
_aInsecticidas. _958855 |
| 650 | 1 | 4 |
_aInsecticidas _xEfecto en plantas. _958871 |
| 650 | 1 | 4 |
_aPesticidas _xEfecto en plantas. _987553 |
| 830 | 0 |
_aCritical reports on applied chemistry _v; 18 _929003 |
|
| 901 | _aBK | ||
| 942 | _cLIBRO | ||
| 949 |
_a632.95 C62 _bBC _cLIBRO _d33724000185310 _eLIBRO _gI.166742 _h83019 _i6196 _si _t283.00 |
||
| 999 |
_c6001 _d6001 |
||